| 000 | 00448nam a2200181Ia 4500 | ||
|---|---|---|---|
| 001 | 18872 | ||
| 005 | 20260306171702.0 | ||
| 008 | 260306s9999||||xx |||||||||||||| ||und|| | ||
| 041 | _aESP | ||
| 082 |
_a658.5038 _bV933 |
||
| 100 |
_aVega Maza, Ignacio _eAUT |
||
| 245 | 0 |
_aProcesos productivos: _bObtenga la máxima rentabilidad |
|
| 260 | _c2010 | ||
| 300 |
_a392 páginas : _c |
||
| 650 | _aGEN | ||
| 654 | _aCAN | ||
| 942 |
_cLIB _dJUS _fJUS _2ddc _n |
||
| 999 |
_c18872 _d18872 |
||